| 000 | 00804cam a22002411a 4500 | ||
|---|---|---|---|
| 001 | ne 68002780 | ||
| 003 | DLC | ||
| 005 | 20260227111844.0 | ||
| 008 | 860131s1968 ir 000 0 per | ||
| 010 | _ane 68002780 | ||
| 035 | _a(OCoLC)13091152 | ||
| 040 |
_aDLC _cOU _dOU _dDLC |
||
| 042 | _apremarc | ||
| 050 | 0 | 0 |
_aPK6561.Y8 _bN3 1968 |
| 100 | 1 | _aYūsufī, Ghulām Ḥusayn. | |
| 245 | 1 | 0 |
_aNāmah-ʼi ahl-i Khurāsān / _cGhulāmḥusayn Yūsufī. |
| 260 |
_aTihrān : _bKitābfurūshī-i Zavvār, _c1347 [1968] |
||
| 300 |
_a6, 271 p. : _bill., ports. ; _c23 cm. |
||
| 500 | _aIn Persian. | ||
| 500 | _a"Maqālāt-i adabī ... kih dar bayn-i sālhā-yi 1339 tā 1345 ... dar majallāt-i mukhtalif intishār yāftah ast" | ||
| 504 | _aBibliography: p. [245]-253. | ||
| 500 | _aIncludes index. | ||
| 999 |
_c50609 _d50609 |
||